000 nam a22 7a 4500
999 _c8230
_d8230
008 171212b xxu||||| |||| 00| 0 eng d
100 _94655
_aSHAKESPEAR.W
245 _aOTHELLO
260 _aNEW DELHI
_bHAR ANAND
_c2017